logo

Bir Sreshtho Munshi Abdur Rouf Library
Jhenaidah Cadet College

Essential Everyday Bengali : (Record no. 5864)

MARC details
000 -LEADER
fixed length control field 00664nam a2200229 a 4500
001 - CONTROL NUMBER
JCCL Control Number 5864
003 - CONTROL NUMBER IDENTIFIER
JCCL marc code BD-JhCC
005 - DATE AND TIME OF LATEST TRANSACTION
control field 20180102171624.0
008 - FIXED-LENGTH DATA ELEMENTS--GENERAL INFORMATION
fixed length control field 171228s1999 b |||| ||| 000 0 eng d
020 ## - INTERNATIONAL STANDARD BOOK NUMBER
International Standard Book Number 9840741993
035 ## - SYSTEM CONTROL NUMBER
system control number (BD-JhCC)5864
040 ## - CATALOGING SOURCE
Original cataloging agency BD-JhCC
Modifying agency BD-JhCC
041 ## - LANGUAGE CODE
Language code of Book eng
082 ## - DEWEY DECIMAL CLASSIFICATION NUMBER
Classification number 491.44521
Author mark and Year THO 1999
100 ## - MAIN ENTRY--PERSONAL NAME
Personal name Thompson,Hanne-Ruth
245 ## - TITLE STATEMENT
Title Essential Everyday Bengali :
Remainder of title a grammar and glossary of Colloquial Bengali with examples throughout /
Statement of responsibility, etc Hanne-Ruth Thompson,
260 ## - PUBLICATION, DISTRIBUTION, ETC. (IMPRINT)
Place of publication, distribution, etc Dhaka :
Name of publisher, distributor, etc Bangla Academy,
Date of publication, distribution, etc 2001.
300 ## - PHYSICAL DESCRIPTION
Pagination 350 p. ;
Dimensions 16cm.
650 ## - SUBJECT ADDED ENTRY--TOPICAL TERM
Topical term or geographic name as entry element Bengali Language
General subdivision Grammar
942 ## - ADDED ENTRY ELEMENTS (KOHA)
Source of classification or shelving scheme Dewey Decimal Classification
Koha item type Reference
Holdings
Source of classification or shelving scheme Damaged status Not for loan Home library Current library Shelving location Date of accession Cost, normal purchase price Total Checkouts Full call number Barcode Date last seen Copy number Koha item type
Dewey Decimal Classification     JCC Rouf Library JCC Rouf Library General Stacks 12/28/2017 180.00   491.44521 THO 1999 8172 12/28/2017 C - 1 Reference

JCC Library | Contacts | JCC Home

Last Update on 23 September 2017
Copyright @ 2017-2020 JCC Rouf Library
Rouf Library, Jhenidah Cadet College (JCC), Bangladesh